[Event "TCh-CAT 2012"]
[Site "Catalunya ESP"]
[Date "2012.02.18"]
[Round "4.8"]
[White "Martin Gonzalez,An"]
[Black "Perpinya Rofes,L"]
[Result "1-0"]
[WhiteElo "2322"]
[BlackElo "2385"]

1.e4 c5 2.Nc3 Nc6 3.Nge2 d6 4.d4 cxd4 5.Nxd4 Nf6 6.Bc4 e6 7.Be3 a6 8.Qe2 Qc7
9.O-O-O Na5 10.Bd3 b5 11.a3 Rb8 12.f4 Be7 13.g4 d5 14.exd5 Bxa3 15.Ncxb5 Bxb2+
16.Kxb2 Nxd5 17.Nb3 axb5 18.Bxb5+ Bd7 19.Rxd5 Bxb5 20.Rxb5 Nc4+ 21.Qxc4 Qxc4
22.Rxb8+  1-0

[Event "72nd Noteboomturnier Open A"]
[Site "Leiden NED"]
[Date "2012.02.18"]
[Round "2.3"]
[White "Guliyev,N"]
[Black "Glimmerveen,M"]
[Result "1-0"]
[WhiteElo "2545"]
[BlackElo "2101"]

1.e4 c5 2.Nf3 Nc6 3.Nc3 e5 4.Bc4 Be7 5.d3 d6 6.a3 Nf6 7.Bg5 O-O 8.Bxf6 Bxf6
9.O-O Bg5 10.Nd5 Kh8 11.b4 Bg4 12.h3 Bh5 13.g4 Bg6 14.c3 a6 15.a4 h5 16.Kg2 h4
17.Qe2 f6 18.bxc5 dxc5 19.Ne3 Qd7 20.Nf5 Bxf5 21.gxf5 g6 22.fxg6 Kg7 23.Bf7 Nd8
24.d4 Rxf7 25.gxf7 Ne6 26.Qd1 Nf4+ 27.Kg1 Qxh3 28.Ne1 Qxc3 29.Rb1 cxd4 30.Rxb7 Qc6
31.f8=Q+ Kxf8 32.Qb3 Ne2+ 33.Kh1 Qxe4+ 34.Nf3 Qg6 35.Qb4+ Kg8 36.Qc4+ Kh8
37.Qxe2 Qf5 38.Nxg5 fxg5 39.Re7  1-0

[Event "ch-ROU Women 2012"]
[Site "Sarata Monteoru ROU"]
[Date "2012.02.18"]
[Round "6.6"]
[White "Gelip,I"]
[Black "Cosman,A"]
[Result "0-1"]
[WhiteElo "2025"]
[BlackElo "1885"]

1.e4 c5 2.Nc3 Nc6 3.Bb5 Nd4 4.Bc4 e6 5.Nge2 Nf6 6.d3 Nxe2 7.Qxe2 d6 8.O-O Be7
9.f4 O-O 10.e5 Ne8 11.Bb3 a6 12.a4 Bd7 13.Qh5 Bc6 14.Bd2 b5 15.a5 dxe5 16.fxe5 c4
17.Ba2 b4 18.Ne2 b3 19.cxb3 cxd3 20.Nc3 Qd4+ 21.Kh1 g6 22.Qh3 Qxe5 23.Rae1 Qd6
24.b4 Ng7 25.Ne4 Bxe4 26.Rxe4 Nf5 27.Bf4 Qd7 28.Rd1 Qa4 29.Ra1 Qc2 30.Be5 d2
31.Qf3 Rfd8 32.Rd1 Rd3 33.Bb1 Rxf3 34.Bxc2 Re3 35.Rxd2 Bxb4 36.Rxe3 Nxe3
37.Bc3 Bxc3 38.bxc3 Rc8 39.h3 Rxc3 40.Bd3 Ra3 41.Bxa6 Rxa5 42.Rd6 Rd5 43.Rb6 Nf5
44.Kh2 Kg7 45.Bb7 Rd2 46.Be4 h5 47.Bxf5 gxf5 48.Kg3 Kf6 49.Kf3 Rd3+ 50.Ke2 Ra3
51.Kf2 f4 52.Ke2 Kf5 53.Rb7 f6 54.Rh7 Kg6 55.Rh8 e5 56.Rg8+ Kf5 57.Rh8 Ke4
58.Rxh5 Ra2+ 59.Kf1 Ke3 60.Kg1 Ra1+ 61.Kh2 Kf2 62.Rh6 Rg1 63.Rg6 f3 64.g4 Rg2+
65.Kh1 Kg3 66.Rxf6 f2  0-1

[Event "ch-ROU Men 2012"]
[Site "Sarata Monteoru ROU"]
[Date "2012.02.18"]
[Round "7.27"]
[White "Horvat,Dan"]
[Black "Toma,Ra"]
[Result "1/2-1/2"]
[WhiteElo "2197"]
[BlackElo "2052"]

1.e4 c5 2.Nf3 Nc6 3.Nc3 g6 4.Bc4 Bg7 5.O-O d6 6.d3 Nf6 7.h3 O-O 8.a4 Bd7
9.Ne2 a6 10.c3 Rb8 11.Re1 b5 12.axb5 axb5 13.Ba2 Qc7 14.Nf4 b4 15.d4 bxc3
16.bxc3 cxd4 17.cxd4 e5 18.d5 Nb4 19.Nd3 Nc2 20.Bd2 Nxe1 21.Qxe1 Rfc8 22.Nb4 Ra8
23.Qe2 Qb6 24.Re1 Bb5 25.Qd1 Bc4 26.Bb1 Qb5 27.Nc6 Rxc6 28.dxc6 Qxc6 29.Bb4 Bf8
30.Qd2 h6 31.Qc3 Rc8 32.Nd2 Be6 33.Qf3 Kg7 34.Bd3 Qa4 35.Rb1 Rb8 36.Bc3 Rxb1+
37.Bxb1 Be7 38.Kh2 Bd8 39.Qd3 Bc7 40.f4 d5 41.Bxe5 Bxe5 42.fxe5 Nxe4 43.Nxe4 dxe4
44.Qxe4 Qd1 45.Bc2 Qd2 46.Qd3 Qc1 47.Qc3 Qf4+  1/2-1/2

[Event "TCh-HUN 2011-12"]
[Site "Szombathely HUN"]
[Date "2012.02.19"]
[Round "6"]
[White "Korpics,Z"]
[Black "Domany,Z"]
[Result "1/2-1/2"]
[WhiteElo "2319"]
[BlackElo "2215"]

1.e4 c5 2.Nc3 Nc6 3.Nf3 e5 4.Bc4 Be7 5.d3 Nf6 6.Nd2 d6 7.Nf1 Bg4 8.f3 Be6
9.Ne3 O-O 10.O-O h6 11.Ned5 Nh7 12.f4 exf4 13.Bxf4 Ne5 14.Nxe7+ Qxe7 15.Bxe6 Qxe6
16.Nd5  1/2-1/2

[Event "10th Nancy Masters B 2012"]
[Site "Nancy FRA"]
[Date "2012.02.24"]
[Round "7"]
[White "Pucher,S"]
[Black "Ninov,N"]
[Result "1/2-1/2"]
[WhiteElo "2239"]
[BlackElo "2515"]

1.e4 c5 2.Nf3 Nc6 3.Nc3 g6 4.d4 cxd4 5.Nxd4 Bg7 6.Nde2 Nf6 7.g3 b5 8.Bg2 Rb8
9.O-O O-O 10.Nd5 d6 11.c3 b4 12.Nd4 Nxd4 13.Nxf6+ exf6 14.cxd4 f5 15.Be3 fxe4
16.Bxe4 Bh3 17.Re1 Qd7 18.Rc1 Rfc8 19.Qd3 d5 20.Bf3 Bf5 21.Qa6 Be4 22.Be2 Bc2
23.Qa5 b3 24.axb3 Bxb3 25.Ba6 Re8 26.Bf4 Rxe1+ 27.Rxe1 Rb6 28.Be5 Bf8 29.Rc1 f6
30.Bc8 Qa4 31.Qxa4 Bxa4 32.Bc7 Rxb2 33.Be6+ Kg7 34.Bxd5 Rd2 35.Bf4 Rd1+ 36.Rxd1 Bxd1
37.Bd2 Bd6 38.Kf1 Kf8 39.Ke1 Bg4 40.Ba5 Ke7 41.Kd2 Be6 42.Bc6 Ba2 43.d5 Bc5
44.Bc7 Bb6 45.d6+ Ke6 46.Kc3 Bb1 47.g4 h5 48.h3 hxg4 49.hxg4 f5 50.f3 fxg4
51.fxg4 g5 52.Kc4 Bc2 53.Bxb6 axb6 54.d7 Ke7 55.Kb5 Bd1 56.Kxb6 Kd8 57.Kc5 Kc7
58.Kd4 Bxg4 59.Ke5 Bxd7 60.Bxd7 Kxd7 61.Kf5  1/2-1/2

[Event "TCh-CAT 2012"]
[Site "Catalunya ESP"]
[Date "2012.02.25"]
[Round "5.8"]
[White "Asensio Linan,T"]
[Black "Sadrija,E"]
[Result "1-0"]
[WhiteElo "2167"]
[BlackElo "2196"]

1.e4 c5 2.Nc3 Nc6 3.Bb5 g6 4.Nf3 Bg7 5.O-O a6 6.Bxc6 bxc6 7.e5 Nh6 8.Re1 O-O
9.Ne4 d6 10.d3 Bg4 11.exd6 exd6 12.h3 Bxf3 13.Qxf3 Nf5 14.c3 Ra7 15.Bg5 f6
16.Bf4 Rd7 17.Nd2 Ne7 18.Bh2 Rb7 19.Re6 Nc8 20.Qxc6 Qd7 21.Qd5 Qf7 22.Rae1 Rd7
23.Qc4 f5 24.Qxa6 Be5 25.Qc4 Nb6 26.Qb3 c4 27.Qxb6 Qxe6 28.Rxe5 Qf7 29.Re3 Rb7
30.Qxd6 Rxb2 31.dxc4 f4 32.Re4 g5 33.Re5 Qg6 34.Qd5+ Kh8 35.g4 Qg7 36.Rxg5 Qxc3
37.Bxf4 Re8 38.Be5+ Rxe5 39.Qg8+  1-0

[Event "TCh-CZE Liga1 Vychod"]
[Site "Czech Rep CZE"]
[Date "2012.02.26"]
[Round "9"]
[White "Sikora,J"]
[Black "Neoral,A"]
[Result "1/2-1/2"]
[WhiteElo "2251"]
[BlackElo "2150"]

1.e4 c5 2.Nc3 Nc6 3.Nf3 g6 4.d4 cxd4 5.Nxd4 Bg7 6.Be3 Nf6 7.Nxc6 bxc6 8.e5 Ng8
9.Bd4 Qa5 10.e6 Nf6 11.exf7+ Kxf7 12.Bc4+ d5 13.Bb3 Ba6 14.Qd2 e5 15.Be3 Rhb8
16.O-O-O Rxb3 17.axb3 Qa1+ 18.Nb1 d4 19.Rhe1 Ne4 20.Qb4 c5 21.Qa3 Qxa3 22.Nxa3 dxe3
23.fxe3 Ke6 24.c4 h5 25.Nb1 Bb7 26.Re2 Bh6 27.Nc3 Nxc3 28.bxc3 Bg5 29.Kb2 Bc6
30.b4 Rb8 31.Ra1 cxb4 32.Rxa7 bxc3+ 33.Kxc3 e4 34.Kd4 Be7 35.Ra6 Rd8+ 36.Kc3 Rd3+
37.Kc2 Kd6 38.Rd2 Rxd2+ 39.Kxd2 Kc5 40.Kc3 Bf6+ 41.Kb3 Be5 42.h3 h4 43.Ra5+ Kd6
44.Kb4 Bg3 45.Rg5 Be1+ 46.Kb3 Be8 47.c5+ Ke6 48.Kc4 Kf6 49.Rg4 g5 50.Rxe4 Bc6
51.Rg4 Bg3 52.e4 Bf4 53.Kd4 Bd7 54.Rxf4+ gxf4 55.e5+ Kg5 56.Kd5 f3 57.gxf3 Bxh3
58.f4+ Kxf4 59.e6 Bg4 60.e7 Bh5 61.c6 h3 62.c7 h2 63.c8=Q h1=Q+ 64.Kd6 Qd1+
65.Kc7 Qc2+ 66.Kd8 Qd2+ 67.Qd7 Qa5+ 68.Qc7+ Qxc7+ 69.Kxc7 Ke5 70.Kd8 Ke6
71.e8=Q+ Bxe8 72.Kxe8  1/2-1/2

[Event "TCh-AUT 2 Ost 2011-12"]
[Site "Bruck AUT"]
[Date "2012.03.03"]
[Round "6"]
[White "Salamon,W"]
[Black "Stranz,R"]
[Result "1-0"]
[WhiteElo "2147"]
[BlackElo "2196"]

1.e4 c5 2.Nf3 Nc6 3.Nc3 e5 4.Bc4 d6 5.h3 Be7 6.d3 Nf6 7.O-O O-O 8.Nh2 a6
9.a4 Be6 10.Bxe6 fxe6 11.f4 exf4 12.Bxf4 c4 13.Kh1 Qb6 14.Rb1 cxd3 15.cxd3 Rac8
16.Ng4 Qa5 17.Bd2 Qd8 18.Nxf6+ Bxf6 19.Qg4 Qe7 20.Bf4 Ne5 21.Bxe5 Bxe5 22.Ne2 Rxf1+
23.Rxf1 b5  1-0

[Event "28th Cappelle Open"]
[Site "Cappelle la Grande FRA"]
[Date "2012.03.03"]
[Round "1.25"]
[White "Degraeve,JM"]
[Black "Martinez Romero,M"]
[Result "1-0"]
[WhiteElo "2569"]
[BlackElo "2363"]

1.e4 c5 2.Nc3 Nc6 3.Bb5 g6 4.Bxc6 dxc6 5.d3 Bg7 6.Be3 b6 7.Qd2 Ba6 8.b3 Qc7
9.Nge2 Rd8 10.Qc1 h5 11.a4 Nh6 12.h3 Qd6 13.O-O Bc8 14.a5 b5 15.f4 Bd4 16.Kh1 Qf6
17.Bd2 Qg7 18.Nxd4 cxd4 19.Ne2 O-O 20.Bb4 f6 21.e5 Rd5 22.Qa3 e6 23.Bxf8 Qxf8
24.Qxf8+ Kxf8 25.b4 Nf7 26.h4 Nh6 27.Nc1 c5 28.bxc5 Rxc5 29.Nb3 Rd5 30.Rfc1 Ng4
31.Kg1 Bd7 32.c3 dxc3 33.Rxc3 b4 34.Rc7  1-0

[Event "12th Mediterranean Flower WGM"]
[Site "Rijeka CRO"]
[Date "2012.03.03"]
[Round "1.3"]
[White "Samanic,Verena"]
[Black "Partac,E"]
[Result "0-1"]
[WhiteElo "1644"]
[BlackElo "2086"]

1.e4 c5 2.Nf3 Nc6 3.Nc3 g6 4.Bc4 Bg7 5.d3 d6 6.O-O Nf6 7.Ne2 O-O 8.Ng3 Na5
9.Bb3 b5 10.Bd2 Rb8 11.Qc1 Bg4 12.Ng5 Bd7 13.Nf3 Qc7 14.Re1 e5 15.h3 Rbc8
16.Bd5 Nc6 17.Bxc6 Qxc6 18.c3 Ne8 19.Bh6 f6 20.Bxg7 Kxg7 21.d4 cxd4 22.cxd4 Qxc1
23.Raxc1 Nc7 24.dxe5 dxe5 25.Red1 Be6 26.a3 Na8 27.Rxc8 Rxc8 28.Rd6 Kf7 29.Ne1 Rc1
30.Kf1 Nb6 31.Ne2 Rb1 32.Rd2 Nc4 33.Rc2 Nxb2  0-1

[Event "European Ind w 2012"]
[Site "Gaziantep TUR"]
[Date "2012.03.04"]
[Round "3"]
[White "Seps,M"]
[Black "Patel,Y"]
[Result "1-0"]
[WhiteElo "2208"]
[BlackElo "1839"]

1.e4 c5 2.Nc3 Nc6 3.Bb5 g6 4.Bxc6 dxc6 5.d3 Bg7 6.Be3 b6 7.Qd2 Nf6 8.Bh6 Bxh6
9.Qxh6 Qc7 10.h3 Be6 11.Nge2 O-O-O 12.b3 Nd7 13.O-O f5 14.Rae1 Nf6 15.Nf4 Bf7
16.e5 Nd5 17.Ncxd5 cxd5 18.e6 Be8 19.Nxd5 Qb7 20.Nc3 Bc6 21.f3 Qc7 22.Qe3 h6
23.a4 Qb7 24.Qe5 Rhf8 25.Rf2 g5 26.f4 gxf4 27.Qxf4 Rg8 28.Ree2 Rg5 29.Nd1 Rdg8
30.Ne3 Kd8 31.d4 Be4 32.d5 Qc7 33.Qxc7+ Kxc7 34.c4 Kd6 35.Nf1 Bd3 36.Re3 Be4
37.g3 Ke5 38.Kh2 Kd4 39.Re1 Kc3 40.Re3+ Kd4 41.Rd2+ Ke5 42.Rde2 Kd6 43.Rc3 Ke5
44.Nd2 Kd4 45.Rce3 a6 46.Nxe4 fxe4 47.Rxe4+ Kc3 48.R2e3+ Kb4 49.Rf4 R5g7
50.Rf7 b5 51.axb5 axb5 52.cxb5 Kxb5 53.d6 exd6 54.Rxg7 Rxg7 55.e7 Rxe7 56.Rxe7 Kb4
57.Rb7+ Kc3 58.g4 d5 59.h4 d4 60.g5  1-0

[Event "2nd HD Bank Cup 2012"]
[Site "Ho Chi Minh City VIE"]
[Date "2012.03.04"]
[Round "5.6"]
[White "Gu Xiaobing"]
[Black "Cao,S"]
[Result "0-1"]
[WhiteElo "2257"]
[BlackElo "2526"]

1.e4 c5 2.Nc3 Nc6 3.Bb5 g6 4.Bxc6 dxc6 5.d3 Bg7 6.Nge2 Nf6 7.h3 e5 8.Be3 Qe7
9.Qd2 h6 10.O-O Nh5 11.f4 exf4 12.Nxf4 Nxf4 13.Bxf4 Be6 14.Rae1 g5 15.Bg3 Bd4+
16.Kh1 O-O-O 17.Nd1 b6 18.Ne3 Bxe3 19.Qxe3 Rhg8 20.c3 Qd7 21.Rd1 h5 22.d4 h4
23.Be5 g4 24.hxg4 Bxg4 25.Rd2 h3 26.g3 c4 27.Kh2 f5 28.Rdf2 Rdf8 29.b3 Qe6
30.bxc4 Qxc4 31.Qh6 Kb7 32.exf5 Rf7 33.Qd2 Re8 34.Qg5 Be2 35.Re1 Bf3 36.Qf4 Bd5
37.Qd2 Rg8 38.Bd6 Rd8 39.Re7+ Rxe7 40.Bxe7 Rd7 41.f6 Bf7 42.Qe3 a5 43.Rb2 Bd5
44.Rf2 Qb5 45.Kxh3 Qb1 46.g4 Bf7 47.Rf5 Qxa2 48.Kg3 a4 49.Qc1 Qc4 50.Re5 Rxd4
51.Qg5 Qxc3+ 52.Re3 Qc1 53.Ba3 Qg1+ 54.Kh3 Qf1+ 55.Kg3 Rd3 56.Rxd3 Qxd3+  0-1

[Event "TCh-AUT 1st Bundesliga 2012"]
[Site "St. Veit AUT"]
[Date "2012.03.04"]
[Round "7.3"]
[White "Geske,J"]
[Black "Schlosser,P"]
[Result "1/2-1/2"]
[WhiteElo "2383"]
[BlackElo "2591"]

1.e4 c5 2.Nf3 Nc6 3.Nc3 g6 4.d4 cxd4 5.Nxd4 Bg7 6.Be3 Nf6 7.Bc4 d6 8.h3 O-O
9.Bb3 Na5 10.O-O b6 11.Re1 Bb7 12.Bg5 Nxb3 13.axb3 Re8 14.Qd3 a6 15.Rad1 b5
16.b4 Rc8 17.Nb3 Nd7 18.Na5 Ba8 19.Nd5 Bxb2 20.c3 Ne5 21.Qc2 Bxd5 22.Qxb2 Ba8
23.Be3 Qc7 24.Bd4 f6 25.Qd2 Nf7 26.Rc1 e5 27.Be3 Bxe4 28.c4 Qd7 29.Bc5 Bf5
30.Red1 dxc5 31.Qxd7 Bxd7 32.Rxd7 bxc4 33.Rxc4 cxb4 34.Rxb4 Rc5 35.Rbb7 Rf8
36.Nb3 Rb5 37.Rxb5 axb5 38.Rb7 Nd6 39.Rb6 Rd8 40.Nc5 f5 41.Kh2 f4 42.Ne6 Nc4
43.Rxb5 Rd2 44.Rc5 Nb2 45.Rxe5 Rxf2 46.Kg1 f3  1/2-1/2

[Event "28th Cappelle Open"]
[Site "Cappelle la Grande FRA"]
[Date "2012.03.05"]
[Round "4.53"]
[White "Riff,JN"]
[Black "Uhoda,P"]
[Result "1-0"]
[WhiteElo "2509"]
[BlackElo "2113"]

1.e4 c5 2.Nf3 Nc6 3.Nc3 d6 4.Bb5 Bd7 5.Bxc6 Bxc6 6.d4 cxd4 7.Qxd4 Nf6 8.Bg5 e6
9.Qd3 Be7 10.Nd4 Rc8 11.O-O-O O-O 12.f4 Qa5 13.Kb1 Rfe8 14.h4 h6 15.f5 Bd7
16.g4 Rxc3 17.bxc3 Rc8 18.Rh3 d5 19.Bxf6 Bxf6 20.Nb3 dxe4 21.Qxe4 Qa3 22.g5 Bxc3
23.Rxc3 Rxc3 24.gxh6  1-0

[Event "European Ind w 2012"]
[Site "Gaziantep TUR"]
[Date "2012.03.05"]
[Round "4"]
[White "Seps,M"]
[Black "Galojan,L"]
[Result "1-0"]
[WhiteElo "2208"]
[BlackElo "2364"]

1.e4 c5 2.Nc3 Nc6 3.Bb5 Na5 4.a4 a6 5.Be2 e6 6.f4 d5 7.d3 Nf6 8.Nf3 dxe4
9.dxe4 Qxd1+ 10.Bxd1 Be7 11.Be2 b6 12.Be3 Bb7 13.Nd2 h5 14.O-O-O O-O-O 15.Bf3 Ng4
16.Bg1 g5 17.h3 Nh6 18.Be3 g4 19.Be2 f5 20.Nc4 Nc6 21.Nxb6+ Kc7 22.a5 fxe4
23.hxg4 Nd4 24.Rxh5 Nxe2+ 25.Nxe2 Rxd1+ 26.Kxd1 Rd8+ 27.Kc1 Nxg4 28.Bxc5 Bxc5
29.Rxc5+ Kb8 30.Nc4 Bd5 31.b4 e3 32.Ne5 Nf2 33.Nc6+ Bxc6 34.Rxc6 Rd2 35.Nc3 e5
36.fxe5 Rd8 37.e6 Re8 38.Nd5 Ng4 39.e7  1-0

[Event "10th Khazar Cup"]
[Site "Rasht IRI"]
[Date "2012.03.05"]
[Round "8"]
[White "Tiviakov,S"]
[Black "Sharbaf,M"]
[Result "1-0"]
[WhiteElo "2673"]
[BlackElo "2387"]

1.e4 c5 2.Nc3 Nc6 3.Bb5 g6 4.Bxc6 bxc6 5.d3 Bg7 6.f4 d6 7.Nf3 Nh6 8.O-O O-O
9.Qe2 Rb8 10.Kh1 f6 11.b3 Nf7 12.Bd2 f5 13.e5 Qc7 14.Rae1 Nd8 15.Na4 Ne6
16.Qf2 Bd7 17.Re2 Kh8 18.Qh4 Rbe8 19.Be3 d5 20.Ng5 Nxg5 21.Qxg5 c4 22.Nc5 Bc8
23.Rf3 cxd3 24.cxd3 e6 25.Bd4 Rg8 26.Na4 c5 27.Nxc5 Bf8 28.Rc2 Be7 29.Qg3 g5
30.Qf2 Qd8 31.Na4 gxf4 32.Rxf4 Bg5 33.Rf3 Bh4 34.Qg1 Rg7 35.Nc3 Reg8 36.Nb5 Ba6
37.Nd6 Rc7 38.Rc6 Rxc6 39.Nf7+ Kg7 40.Nxd8 Rxd8 41.Bc5 d4 42.b4 Rd5 43.a4 Kg6
44.Rh3 Bg5 45.Qd1 Rxe5 46.Bxd4 Rc1 47.Qxc1 Bxc1 48.Bxe5 f4 49.Bd4  1-0

[Event "Zagreb Open A"]
[Site "Zagreb CRO"]
[Date "2012.03.05"]
[Round "1.10"]
[White "Plenca,J"]
[Black "Saric,A"]
[Result "0-1"]
[WhiteElo "2317"]
[BlackElo "2523"]

1.e4 c5 2.Nf3 Nc6 3.Nc3 g6 4.Bb5 Nd4 5.Bc4 Bg7 6.O-O a6 7.d3 e6 8.Nxd4 cxd4
9.Ne2 Ne7 10.Bg5 h6 11.Bxe7 Qxe7 12.f4 f5 13.exf5 gxf5 14.Ng3 O-O 15.Qf3 Rb8
16.a4 b5 17.axb5 axb5 18.Bb3 Bb7 19.Qf2 Kh7 20.Rfe1 Ra8 21.Rxa8 Bxa8 22.Ra1 Bc6
23.Ne2 Qb4 24.Qe1 Qd6 25.Ra7 Rg8 26.Qa5 Be5 27.g3 Bxf4  0-1

[Event "2nd HD Bank Cup 2012"]
[Site "Ho Chi Minh City VIE"]
[Date "2012.03.06"]
[Round "8.4"]
[White "Cao,S"]
[Black "Wan Yunguo"]
[Result "1/2-1/2"]
[WhiteElo "2526"]
[BlackElo "2441"]

1.e4 c5 2.Nc3 Nc6 3.Bb5 g6 4.Bxc6 dxc6 5.d3 Bg7 6.Nge2 Nf6 7.h3 e5 8.Be3 Qe7
9.Qd2 Be6 10.Bh6 Bxh6 11.Qxh6 Nd7 12.f4 f6 13.Rf1 O-O-O 14.O-O-O b5 15.fxe5 fxe5
16.Qe3 Nb6 17.a3 Rhe8 18.Nb1 Kb7 19.Nd2 a5 20.Nf3 Bg8 21.Nc3 b4 22.Nb1 c4
23.Qg5 Qxg5+ 24.Nxg5 cxd3 25.Rxd3 Rxd3 26.cxd3 Rd8 27.axb4 axb4 28.Nf3 Rxd3
29.Nxe5 Re3 30.Nd2 b3 31.Nef3 Re2 32.Re1 Rxg2 33.e5 Nd5  1/2-1/2

[Event "Reykjavik Open"]
[Site "Reykjavik ISL"]
[Date "2012.03.07"]
[Round "2.81"]
[White "Hess,Ro"]
[Black "Dukaczewski,P"]
[Result "1-0"]
[WhiteElo "2635"]
[BlackElo "2310"]

1.e4 c5 2.Nc3 Nc6 3.Bb5 Nd4 4.Bc4 e6 5.Nge2 a6 6.a4 Nf6 7.O-O d5 8.exd5 exd5
9.Ba2 Ne6 10.d4 c4 11.b3 cxb3 12.Bxb3 Bb4 13.Rb1 Bxc3 14.Nxc3 O-O 15.Re1 b6
16.Re5 Bb7 17.Qd3 Rc8 18.Bd2 Qd6 19.Rbe1 Rfd8 20.f3 Nf8 21.Bg5 Qb4 22.Na2 Qd6
23.Bf4 Nh5 24.Bd2 Nf6 25.Bb4 Qc6 26.Be7 Rd7 27.Nb4 Qc3 28.Qxc3 Rxc3 29.Bxf6 gxf6
30.Rxd5 Bxd5 31.Nxd5 Rxb3 32.Nxf6+ Kg7 33.Nxd7 Rb4 34.c3 Rxa4 35.Nxb6 Ra2
36.c4 Ne6 37.d5 Nf4 38.d6 Nxg2 39.Re4 f5 40.d7 fxe4 41.d8=Q exf3 42.Nd5  1-0

[Event "Tel Aviv GM"]
[Site "Tel Aviv ISR"]
[Date "2012.03.07"]
[Round "9"]
[White "Plaskett,J"]
[Black "Striechman,Orri"]
[Result "1-0"]
[WhiteElo "2480"]
[BlackElo "1968"]

1.e4 c5 2.Nc3 Nc6 3.Bb5 g6 4.Bxc6 dxc6 5.d3 Bg7 6.f4 c4 7.Be3 cxd3 8.cxd3 e6
9.Nf3 Ne7 10.Qd2 O-O 11.O-O-O a5 12.g4 f5 13.gxf5 exf5 14.Qf2 b5 15.h4 h5
16.Rhg1 Be6 17.Bc5 b4 18.Ne2 Bxa2 19.Ne5 Bb3 20.Rd2 Bf7 21.Ng3 a4 22.Bxb4 c5
23.Ba3 Bb3 24.Nxh5 Bxe5 25.fxe5 fxe4 26.Nf6+ Kg7 27.dxe4 Qc7 28.Rd6 Rac8
29.h5 Qa5 30.Rd7 Rce8 31.Rxg6+  1-0

[Event "Zagreb Open A"]
[Site "Zagreb CRO"]
[Date "2012.03.07"]
[Round "3.5"]
[White "Smith,Bry"]
[Black "Sebenik,M"]
[Result "1/2-1/2"]
[WhiteElo "2450"]
[BlackElo "2529"]

1.e4 c5 2.Nc3 Nc6 3.Bb5 Nd4 4.Bc4 e6 5.Nge2 Nf6 6.O-O a6 7.a4 d5 8.exd5 exd5
9.Ba2 Bd6 10.d3 Ne6 11.Ng3 Bxg3 12.fxg3 O-O 13.Bd2 b6 14.Ne2 h6 15.Nf4 Nxf4
16.Bxf4 Be6 17.Qf3 Nh7 18.Rae1 Qd7 19.c3 Rad8 20.Bb3 Rfe8 21.d4 c4 22.Bc2 Bg4
23.Qf2 Rxe1 24.Rxe1 Re8 25.h3 Be6 26.g4 Nf8 27.Qg3 f6 28.Bc7 Qc6 29.Qd6 Qxd6
30.Bxd6 Bf7 31.Rxe8  1/2-1/2

[Event "Reykjavik Open"]
[Site "Reykjavik ISL"]
[Date "2012.03.08"]
[Round "3.56"]
[White "Loftsson,H"]
[Black "Karlsson,MiJ"]
[Result "1-0"]
[WhiteElo "2202"]
[BlackElo "1884"]

1.e4 c5 2.Nc3 Nc6 3.Nf3 e6 4.Bb5 d5 5.exd5 exd5 6.Ne5 Qd6 7.O-O Be6 8.d4 cxd4
9.Qxd4 Rc8 10.Re1 Nf6 11.Qxa7 Nd7 12.Bxc6 bxc6 13.Bf4 Nxe5 14.Bxe5 Qd7 15.Qa5 f6
16.Bg3 Kf7 17.Na4 Qb7 18.Nc5 Bxc5 19.Qxc5 Rhe8 20.b3 Qb5 21.Qd6 Rcd8 22.Qf4 Qc5
23.Rac1 g5 24.Qf3 Kg6 25.h4 g4 26.h5+ Kg7 27.Qf4 Rd7 28.Bh4 Rf7 29.Rxe6 Rxe6
30.Qxg4+ Kf8 31.Qxe6 Qa5 32.Bg3 Qd2 33.Re1 Qxc2 34.h6  1-0

[Event "TCh-SVK Extraliga 2011-12"]
[Site "Slovakia SVK"]
[Date "2012.03.09"]
[Round "9.1"]
[White "Jurcik,Mari"]
[Black "Antoniewski,R"]
[Result "1/2-1/2"]
[WhiteElo "2474"]
[BlackElo "2585"]

1.e4 c5 2.Nf3 Nc6 3.Nc3 e6 4.Bb5 Nd4 5.O-O a6 6.Bd3 Nc6 7.Be2 Nge7 8.d4 cxd4
9.Nxd4 b5 10.Bf4 d6 11.Ndxb5 axb5 12.Nxb5 Ng6 13.Nxd6+ Bxd6 14.Bxd6 Qb6 15.b4 Nd4
16.Bc5 Nxe2+ 17.Qxe2 Qc7 18.Rfd1  1/2-1/2

[Event "6th Agzamov Memorial"]
[Site "Tashkent UZB"]
[Date "2012.03.09"]
[Round "4"]
[White "Djuraev,S"]
[Black "Begmuratov,Alisher"]
[Result "0-1"]
[WhiteElo "2377"]
[BlackElo "2199"]

1.e4 c5 2.Ne2 Nc6 3.Nbc3 g6 4.g3 Bg7 5.Bg2 Nf6 6.O-O O-O 7.d3 d6 8.h3 Rb8
9.Be3 Nd7 10.Qd2 Nd4 11.Rac1 b5 12.Nd1 Nxe2+ 13.Qxe2 b4 14.Qd2 a5 15.Bh6 e5
16.Bxg7 Kxg7 17.Ne3 Nb6 18.f4 f6 19.Rf2 Qe7 20.Rcf1 exf4 21.gxf4 Bb7 22.Bf3 Kh8
23.Rg2 Rg8 24.Rff2 Rbd8 25.Re2 f5 26.Nd5 Nxd5 27.exd5 Qf7 28.c4 Rde8 29.Re6 Rxe6
30.dxe6 Qe7 31.Bxb7 Qxb7 32.Qe3 Qe7 33.d4 Re8 34.dxc5 dxc5 35.Re2 Kg7 36.Qe5+ Kh6
37.Kh2 Rd8 38.Qe3 Rd4 39.Qg3 Re4 40.Rxe4 fxe4 41.Qg4 Qf6 42.Kg3 Kg7 43.b3 Qc3+
44.Kf2 Qd4+ 45.Kg2 Kf6 46.Qh4+ Kxe6 47.Qxh7 Qd2+ 48.Kg3 Qe3+ 49.Kg2 Qf3+
50.Kg1 Qg3+ 51.Kh1 e3 52.Qg8+ Kf5 53.Qf7+ Ke4 54.Qd5+ Kxf4 55.Qf7+ Kg5 56.Qe7+ Kh6
57.Qf8+ Kh5 58.Qxc5+ Kh4 59.Qe7+ Kxh3 60.Qe6+ Kh4 61.Qe4+ Kh5 62.c5 Qe1+
63.Kh2 Qf2+ 64.Qg2 Qh4+ 65.Kg1 Qd4 66.Qe2+ Kg5 67.c6 Qd2 68.Qg2+ Kf6 69.c7 e2
70.c8=Q e1=Q+ 71.Qf1+ Qdf2+  0-1

[Event "44th Belgrade WGM"]
[Site "Belgrade SRB"]
[Date "2012.03.10"]
[Round "8.5"]
[White "Eric,J"]
[Black "Dizdarevic,B"]
[Result "0-1"]
[WhiteElo "2243"]
[BlackElo "2042"]

1.e4 c5 2.Nf3 Nc6 3.Nc3 g6 4.d4 cxd4 5.Nxd4 Bg7 6.Be3 Nf6 7.Bc4 O-O 8.Bb3 a5
9.a4 d6 10.h3 Bd7 11.O-O Qc8 12.f4 Nh5 13.Nd5 Qd8 14.Nxc6 Bxc6 15.Bb6 Qd7
16.Bd4 b5 17.axb5 Bxb5 18.c4 Bc6 19.e5 Bxd5 20.cxd5 Nxf4 21.Rxf4 dxe5 22.Bxe5 Bxe5
23.Rf2 Qa7 24.Kf1 Bd4 25.Rd2 Qa6+ 26.Qe2 Qf6+ 27.Ke1 Rab8 28.Rd3 Bxb2 29.Rf3 Qh4+
30.g3 Qb4+  0-1

[Event "TCh-SWE 2011-12"]
[Site "Sweden SWE"]
[Date "2012.03.10"]
[Round "8"]
[White "Blomqvist,E"]
[Black "Dragicevic,Draz"]
[Result "1-0"]
[WhiteElo "2469"]
[BlackElo "2312"]

1.e4 c5 2.Nc3 Nc6 3.Bb5 Nd4 4.Bc4 e6 5.Nge2 a6 6.Nxd4 cxd4 7.Ne2 b5 8.Bb3 Bb7
9.d3 Qb6 10.c3 dxc3 11.bxc3 Nf6 12.O-O Be7 13.e5 Nd5 14.c4 Nb4 15.Be3 Qc6
16.f3 Qc7 17.f4 bxc4 18.dxc4 Qc6 19.Rf2 Qe4 20.Qd2 Qd3 21.Nc3 Qxd2 22.Rxd2 g5
23.fxg5 Rg8 24.h4 Nc6 25.Bf4 Bc5+ 26.Kh2 Bd4 27.Rc1 Bxe5 28.Kg3 h6 29.Ne4 Ke7
30.Bxe5 Nxe5 31.Nf6 Rg6 32.Kf4 hxg5+ 33.hxg5 Rh8 34.Rf1 Rh4+ 35.g4 Rxf6+
36.gxf6+ Kxf6 37.Bd1 Bc6 38.Rdf2 Nxc4 39.Kg3+ Kg5 40.Rxf7 Rh6 41.Bc2 Ne5
42.Rg7+ Rg6 43.Bxg6 Nxg6 44.Rh7  1-0

[Event "6th Agzamov Memorial"]
[Site "Tashkent UZB"]
[Date "2012.03.10"]
[Round "5"]
[White "Solodovnichenko,Y"]
[Black "Kurbonboeva,Sarvinoz"]
[Result "1-0"]
[WhiteElo "2615"]
[BlackElo "2193"]

1.e4 c5 2.Nc3 Nc6 3.Nge2 g6 4.d4 cxd4 5.Nxd4 Bg7 6.Be3 Nf6 7.Bc4 O-O 8.Bb3 a5
9.O-O a4 10.Nxa4 Nxe4 11.Nb5 d5 12.Bb6 Qd7 13.Qe2 Be5 14.Rad1 Nf6 15.c4 Qg4
16.f3 Qh5 17.g3 dxc4 18.Qxc4 Be6 19.Qe2 Bxb3 20.axb3 e6 21.Nbc3 Ne7 22.Rfe1 Bb8
23.Bd4 Ba7 24.Nb6 Bxb6 25.Bxb6 Nc6 26.Kg2 Ra6 27.Qf2 Re8 28.g4 Qh6 29.Be3 Qg7
30.Qd2 Raa8 31.Bh6 Qh8 32.Qe3 Red8 33.Qb6 Nd5 34.Qxb7 Nxc3 35.Rxd8+ Rxd8
36.Qxc6 Nd5 37.Qc1 Qd4 38.Re4 Qb6 39.b4 Rb8 40.b3 Qd8 41.Rc4 Qd7 42.Qa1 f6
43.h4 Kf7 44.Qd4 Qe7 45.Bd2 Qd7 46.Rc5 Ra8 47.Kh3 Rb8 48.Bc3 Qd6 49.Rc4 Qd7
50.Bd2 Nb6 51.Qxd7+ Nxd7 52.Be3 Ke7 53.Kg3 Rb5 54.Kf2 Ne5 55.Rc3 Kd6 56.Bc5+ Kd7
57.Ke2 h5 58.g5 fxg5 59.hxg5 Nf7 60.f4 e5 61.f5 Nxg5 62.fxg6 Ke6 63.g7 Kf7
64.Rg3 Kxg7 65.Rxg5+  1-0

[Event "ch-URU 2012"]
[Site "Montevideo URU"]
[Date "2012.03.11"]
[Round "3"]
[White "Rodriguez Vila,A"]
[Black "Sanguinetti,L"]
[Result "1/2-1/2"]
[WhiteElo "2518"]
[BlackElo "2186"]

1.e4 c5 2.Ne2 Nc6 3.Nbc3 g6 4.d4 cxd4 5.Nxd4 Bg7 6.Nde2 Nf6 7.g3 O-O 8.Bg2 d6
9.O-O a6 10.a4 Rb8 11.Nd5 b5 12.axb5 axb5 13.h3 Nd7 14.c3 b4 15.Qa4 bxc3
16.b4 Nd4 17.Nxd4 Bxd4 18.Bg5 Re8 19.Rfd1 Bg7 20.Rac1 Nb6 21.Nxb6 Rxb6 22.Be3 Ra6
23.Qb5 Ra3 24.Bd4 Ba6 25.Qc6 Qc8 26.e5 Qxc6 27.Bxc6 Rb8 28.Rxc3 Rxc3 29.Bxc3 Rb6
30.exd6 exd6 31.Bxg7 Kxg7 32.b5 Bxb5 33.Bxb5 Rxb5 34.Rxd6  1/2-1/2

[Event "6th Agzamov Memorial"]
[Site "Tashkent UZB"]
[Date "2012.03.11"]
[Round "6"]
[White "Galyamov,V"]
[Black "Artemenko,O"]
[Result "1/2-1/2"]
[WhiteElo "2198"]
[BlackElo "2298"]

1.e4 c5 2.Nf3 Nc6 3.Nc3 g6 4.d4 cxd4 5.Nxd4 Bg7 6.Nde2 d6 7.g3 Nf6 8.Bg2 O-O
9.O-O Bd7 10.h3 Rc8 11.Re1 Ne5 12.a4 a6 13.b3 Re8 14.Be3 Qa5 15.Bd2 Qc7 16.Ra2 e6
17.Be3 Nc6 18.Qd2 Red8 19.f4 Nb4 20.Nb5 axb5 21.Qxb4 d5 22.axb5 Bf8 23.Qd4 Nxe4
24.Bxe4 dxe4 25.Qxe4 Bxb5 26.Nd4 Qc3 27.Raa1 Ba6 28.Rad1 Bc5 29.Bf2 Bxd4
30.Rxd4 Rxd4 31.Qxd4 Qxd4 32.Bxd4 Rxc2 33.Bf6 Be2 34.Ra1 Rc8 35.Kf2 Bd3 36.Rd1 Bc2
37.Rd7 Be4 38.Ke3 Bd5 39.b4 h6 40.h4 Bc6 41.Rd6 Kf8 42.Kd4 Kg8 43.g4 h5 44.g5 Bd5
45.b5 Bc4 46.Rb6 Bd5 47.Rd6 Bc4 48.b6 Bb5 49.Rd8+ Rxd8+ 50.Bxd8 Kf8 51.Ke5 Ke8
52.Bf6 Bc6 53.Kd6 Be4  1/2-1/2

[Event "Yerevan Armenia Spring 2012"]
[Site "Yerevan ARM"]
[Date "2012.03.11"]
[Round "2"]
[White "Hayrapetian,A"]
[Black "Kalashian,D"]
[Result "1/2-1/2"]
[WhiteElo "2377"]
[BlackElo "2418"]

1.e4 c5 2.Nf3 Nc6 3.Nc3 e5 4.Bc4 d6 5.d3 Be7 6.Nd2 Bg5 7.Nf1 Bxc1 8.Rxc1 Nf6
9.Ne3 O-O 10.O-O a6 11.Ncd5  1/2-1/2